000 00309 a2200133 4500
001 47962
040 _cAnchieta - Aquarius
100 _aQuintiliano, Eliú
240 1 0 _aAmanda e os Nanorobôs
_lpor
245 1 0 _aAmanda e os Nanorobôs
300 _a494
650 4 _aLiteratura infanto-juvenil
942 _cBK
999 _c47962
_d47962